| 000 | 00472nam a22001217a 4500 | ||
|---|---|---|---|
| 005 | 20260629105852.0 | ||
| 100 |
_aEngr. Kiran Fatima _a21-MCEM-10 _aSupervisor - Dr. Mahboob Oad _91011 |
||
| 245 | _aCompressive Strength of Concrete using Partial Replacement of Coarse Aggregate from Burnt Bricks and Reinforced with Polypropylene Fiber (Thesis ME) | ||
| 260 |
_aNawabshah _bQUEST _c2025 |
||
| 300 | _a88p. | ||
| 700 |
_aDepartment of Civil Engineering _91009 |
||
| 942 | _cTHESIS | ||
| 999 |
_c69070 _d69067 |
||